Pokémon - Dresseurs partenaires - Armand (DE/PS) - Statistiques

Statistiques générales
  • Ce quiz a été pris 6 fois
  • Le résultat moyen est 39 sur 49
Statistiques - réponses
Hint Réponse % Correct
Niv 34
100%
Type Acier
100%
Type Acier
100%
Type Acier
100%
Carchacrok
100%
Type Combat
100%
Type Combat
100%
Capacités (Set 2) Draco-Griffe
100%
Capacités Draco-Griffe
100%
Type Dragon
100%
Type Dragon
100%
Drattak
100%
Capacités Griffe Acier
100%
Talent Intimidation
100%
Lucario
100%
Lucario
100%
Métalosse
100%
Capacités Poing Glace
100%
Type Psy
100%
Capacités (Set 2) Psykoud'Boul
100%
Capacités Psykoud'Boul
100%
Capacités Séisme
100%
Capacités Séisme
100%
Type Sol
100%
Type Vol
100%
Capacités Close Combat
75%
Talent Corps Sain
75%
Capacités (Set 1) Draco Météore
75%
Capacités (Set 2) Éboulement
75%
Capacité Éboulement
75%
Capacités Éboulement
75%
Capacités Forte-Paume
75%
Rencontre Île de Fer
75%
Capacités Mâchouille
75%
Capacités Pisto-Poing
75%
Capacités Poing Météore
75%
Capacités Poing Météore
75%
Capacités Abri
50%
Talent Attention
50%
Talent Attention
50%
Objet Baie Sitrus
50%
Objet Ceinture Force
50%
Capacités Grincement
50%
Talent Peau Dure
50%
Capacités (Set 1) Vent Violent
50%
Capacités Affilage
25%
Objet Baie Nanone
25%
Objet Baie Nanone
25%
Capacités (Set 1) Canicule
25%
Aucun quiz correspondant
Distribution des résultats
% des personnes avec chaque résultat
Percentile par nombre de réponses
Votre historique - résultats
Vous n’avez pas pris ce quiz